Sudetenland : Wegweiser durch ein unvergessenes Land / Rudolf Hemmerle ; Abbildungen und Federzeichnungen von Johannes Hinz
Record details
- ISBN: 3-86047-183-X (váz.)
- Physical Description: 496 s., obr. příl. : il. (zčásti barev.) ; 23 cm
- Publisher: Augsburg : Bechtermünz, 1997
Content descriptions
| Bibliography, etc. Note: | Obsahuje bibliografii a místní rejstřík |
Search for related items by subject
| Subject: | Sudety (Česko) |
| Genre: | průvodce |
Available copies
- 1 of 1 copy available at Common Catalog SPOK.
Holds
- 0 current holds with 1 total copy.
Show Only Available Copies
| Location | Call Number / Copy Notes | Barcode | Shelving Location | Status | Due Date |
|---|---|---|---|---|---|
| Terezin Initiative Institute | 2166 | 4594302166 | Knihovna ITI | Available | - |
| LDR | 00951nam a2200265 a 4500 | ||
|---|---|---|---|
| 001 | 26222 | ||
| 003 | CZ-PrJAB | ||
| 005 | 20220907114438.0 | ||
| 008 | 990129s1997 gw af gr 001 0 ger | ||
| 020 | . | ‡a3-86047-183-X (váz.) | |
| 035 | . | ‡a(CONS)1030 | |
| 035 | . | ‡a(CZ PrSKC)zpk19980303382 | |
| 040 | . | ‡aABA001 ‡bcze | |
| 080 | . | ‡a908(437.3) ‡2MRF | |
| 080 | . | ‡a(036) ‡2MRF | |
| 100 | 1 | . | ‡aHemmerle, Rudolf, ‡d1919- ‡7mzk2004236987 ‡4aut |
| 245 | 1 | 0. | ‡aSudetenland : ‡bWegweiser durch ein unvergessenes Land / ‡cRudolf Hemmerle ; Abbildungen und Federzeichnungen von Johannes Hinz |
| 260 | . | ‡aAugsburg : ‡bBechtermünz, ‡c1997 | |
| 300 | . | ‡a496 s., obr. příl. : ‡bil. (zčásti barev.) ; ‡c23 cm | |
| 504 | . | ‡aObsahuje bibliografii a místní rejstřík | |
| 651 | 7. | ‡aSudety (Česko) ‡7ge128482 ‡2czenas | |
| 655 | 7. | ‡aprůvodce ‡7fd133154 ‡2czenas | |
| 700 | 1 | . | ‡aHinz, Johannes ‡4ill |
| 852 | 4 | . | ‡bJACH-ITI ‡bJACH-ITI ‡cKnihovna ITI ‡j2166 ‡p2166 ‡y$0.00 |
| 910 | . | ‡aABE340 ‡b2166 | |
| 995 | . | ‡askok | |
| 901 | . | ‡a26222 ‡bCZ-PrJAB ‡c26222 ‡tbiblio | |